000 00707nam a2200217 4500
003 OSt
005 20260530115301.0
008 260422b1979 mx a|||| |||| 00| 0 spa d
020 _a9682407184
040 _aICI
_bspa
_cICI
050 _aNA2750
_bW583
100 1 _aWhite, Edward T.,
245 1 0 _aSistemas de ordenamiento :
_bIntroduccion al proyecto arquitectonico /
_cEdward t. White ; traduccion Federico patan López ; revision tecnica Luis arnal Simon
264 1 _bEditorial Trillas,
_c1979
_aMéxico :
300 _a108 páginas
_c20.8 cm
336 _atexto
_2rdacontent
337 _asin medio
_2rdamedia
338 _avolumen
_2rdacarrier
650 4 _aDiseño arquitectónico
942 _2lcc
_cBK
999 _c12877
_d12877